Detalles MARC
| 000 -LEADER |
| campo de control de longitud fija |
01702nam a2200397 i 4500 |
| 001 - NÚMERO DE CONTROL |
| campo de control |
193479 |
| 003 - IDENTIFICADOR DE NÚMERO DE CONTROL |
| campo de control |
SpMaBN |
| 005 - FECHA Y HORA DE LA ÚLTIMA TRANSACCIÓN |
| campo de control |
20250709182415.0 |
| 007 - CAMPO FIJO DE DESCRIPCIÓN FÍSICA--INFORMACIÓN GENERAL |
| campo de control de longitud fija |
ta |
| 008 - DATOS DE LONGITUD FIJA--INFORMACIÓN GENERAL |
| campo de control de longitud fija |
2401 s2021 sp | |||| 000 p spa |
| 017 ## - NÚMERO DE COPYRIGHT O DE DEPÓSITO LEGAL |
| Número de copyright o de depósito legal |
M 27714-2021 |
| Agencia que asigna |
Oficina Depósito Legal Madrid |
| 020 ## - NÚMERO INTERNACIONAL ESTÁNDAR DEL LIBRO |
| Número Internacional Estándar del Libro |
9788412446517 |
| 035 ## - NÚMERO DE CONTROL DEL SISTEMA |
| Número de control de sistema |
a6989864 |
| 040 ## - FUENTE DE CATALOGACIÓN |
| Centro catalogador/agencia de origen |
SpMaBN |
| Lengua de catalogación |
spa |
| Centro/agencia transcriptor |
SpMaBN |
| Normas de descripción |
rda |
| Centro/agencia modificador |
ES-MaACL |
| 080 ## - NÚMERO DE LA CLASIFICACIÓN DECIMAL UNIVERSAL |
| Número de la Clasificación Decimal Universal |
821.134.2-14"19" |
| 100 0# - ENTRADA PRINCIPAL--NOMBRE DE PERSONA |
| Nombre de persona |
Varo Baena, Antonio, |
| Fechas asociadas al nombre |
1959- |
| 9 (RLIN) |
113241 |
| Término indicativo de función/relación |
Autor |
| 245 14 - MENCIÓN DEL TÍTULO |
| Título |
Las estaciones / |
| Mención de responsabilidad, etc. |
Antonio Varo Baena. |
| 250 ## - MENCION DE EDICION |
| Mención de edición |
Primera edición, 2021 |
| 264 #1 - PRODUCCIÓN, PUBLICACIÓN, DISTRIBUCIÓN, FABRICACIÓN Y COPYRIGHT |
| Producción, publicación, distribución, fabricación y copyright |
Madrid : |
| Nombre del de productor, editor, distribuidor, fabricante |
Ediciones Vitruvio, |
| Fecha de producción, publicación, distribución, fabricación o copyright |
[2021] |
| 300 ## - DESCRIPCIÓN FÍSICA |
| Extensión |
66 páginas ; |
| Dimensiones |
24 cm |
| 336 ## - TIPO DE CONTENIDO |
| Término de tipo de contenido |
Texto |
| Fuente |
rdacontent |
| 337 ## - TIPO DE MEDIO |
| Nombre/término del tipo de medio |
sin mediación |
| Fuente |
rdamedia |
| 338 ## - TIPO DE SOPORTE |
| Nombre/término del tipo de soporte |
volumen |
| Fuente |
rdacarrier |
| 490 1# - MENCIÓN DE SERIE |
| Mención de serie |
Colección Baños del Carmen |
| Designación de volumen o secuencia |
nº 870 |
| 520 ## - RESUMEN, ETC. |
| Sumario, etc. |
Poeta y médico, afincado en Córdoba, muestra un trabajo cuidadoso, exhaustivo, en un libro de gran sensibilidad. |
| 655 #7 - TERMINO DE INDIZACIÓN--GENERO/FORMA |
| Datos o término principal de género/forma |
Poesías |
| Fuente del término |
tgfbne |
| 9 (RLIN) |
176539 |
| 830 ## - PUNTO DE ACCESO ADICIONAL DE SERIE-TÍTULO UNIFORME |
| Título uniforme |
Colección Baños del Carmen |
| Designación de volumen o secuencia |
870 |
| 9 (RLIN) |
183030 |
| 852 ## - LOCALIZACIÓN |
| Ubicación |
ES-MaACL |
| Sublocalización o colección |
R.154915 |
| Ubicación en estantería |
Depósito J |
| itemnumber |
200957 |
| Número de control de estantería |
N-9651 |
| Donativo/Legado |
Donación: Antonio Varo Baena |
| Encuadernación |
Encuadernación rústica con solapas |
| Anotaciones manuscritas |
Dedicatoria autógrafa del autor |
| 852 ## - LOCALIZACIÓN |
| Ubicación |
ES-MaACL |
| Sublocalización o colección |
R.153306 |
| Ubicación en estantería |
Depósito J |
| itemnumber |
203942 |
| Donativo/Legado |
Donación: Antonio Varo Baena |
| Encuadernación |
Rústica con solapas |
| Número de control de estantería |
N-9137 |
| Anotaciones manuscritas |
Dedicatoria autógrafa del autor |
| 903 ## - NOMBRE PERSONAL DE DONANTE |
| 9 |
113241 |
| a |
Varo Baena, Antonio, |
| d |
1959- |
| e |
Donante |
| 942 ## - ELEMENTOS DE ENTRADA SECUNDARIOS (KOHA) |
| Suprimir en OPAC |
No |
| Tipo de ítem Koha |
Libro impreso |